Los resultados contraproducentes de las políticas antipandillas
El presenta articulo analiza algunos de los principales efectos de la implementación de políticas antipandillas en El Salvador. En este contexto, se destacan las complejas transformaciones experimentadas por la organización pandillera: los cambios en el estereotipo y el modo de ser pandillero, la ex...
محفوظ في:
| المؤلف الرئيسي: | |
|---|---|
| التنسيق: | كتاب |
| اللغة: | Spanish |
| منشور في: |
El Salvador
ECA
2007
|
| الموضوعات: | |
| الوسوم: |
إضافة وسم
لا توجد وسوم, كن أول من يضع وسما على هذه التسجيلة!
|
MARC
| LEADER | 00000nam a2200000 4500 | ||
|---|---|---|---|
| 003 | cru CIDCACS/IIS | ||
| 005 | 20210114062543.0 | ||
| 007 | ta | ||
| 008 | 190304b ||||| |||| 00| 0 spa d | ||
| 999 | |c 42228 |d 42228 | ||
| 040 | |c cru CIDCACS/IIS | ||
| 090 | |a REV0452 62 (708) 2007 | ||
| 100 | |a Aguilar, Jeannette |9 8362 | ||
| 245 | 1 | 4 | |a Los resultados contraproducentes de las políticas antipandillas |c Jeannette Aguilar |
| 260 | |a El Salvador |b ECA |c 2007 | ||
| 300 | |a páginas 877-890 | ||
| 520 | |a El presenta articulo analiza algunos de los principales efectos de la implementación de políticas antipandillas en El Salvador. En este contexto, se destacan las complejas transformaciones experimentadas por la organización pandillera: los cambios en el estereotipo y el modo de ser pandillero, la expansión de los espacios de control territorial y el agravamiento en el ejercicio de la violencia criminal esto último expresado tanto en el crecimiento de los índices de homicidios como en el surgimiento de nuevas formas de criminalidad | ||
| 650 | 0 | |9 7019 |a HOMICIDIO | |
| 650 | 0 | |9 451 |a INSEGURIDAD CIUDADANA | |
| 650 | 0 | |9 133 |a VIOLENCIA | |
| 651 | 4 | |9 1928 |a EL SALVADOR | |
| 773 | 0 | |0 18723 |9 2718 |a Universidad Centroamericana José Simeón Cañas (UCA) |d San Salvador, El Salvador Universidad Centroamericana José Simeón |o 05131 |t ECA: | |
| 942 | |2 ddc |c PP | ||
